| 000 | 01554nam a2200421 c 4500 | ||
|---|---|---|---|
| 001 | 58486 | ||
| 003 | CO-BoRNBP | ||
| 005 | 20250822223842.0 | ||
| 007 | ta | ||
| 008 | 210730s20162017ck er 000 0dspa d | ||
| 020 | _a9789588461700 | ||
| 040 |
_aCO-BoRNBP _bspa _erda _cCO-BoRNBP |
||
| 041 | 0 | _aspa | |
| 043 | _as-ck--- | ||
| 082 | 0 | 4 |
_a303.6609861 _bE68v _222 |
| 110 | 2 |
_aEquipo Verdad Abierta _963318 |
|
| 245 | 1 | 0 |
_aVíctimas pero no por siempre / _cEquipo Verdad Abierta, Esther Rebollo, Ander Izagirre. |
| 250 | _aPrimera edición | ||
| 264 | 1 |
_aBogotá, Colombia : _bIcono Editorial, _c2017 |
|
| 300 | _a151 páginas | ||
| 336 |
_atexto _btxt _2rdacontent |
||
| 337 |
_asin mediación _bn _2rdamedia |
||
| 338 |
_avolumen _bnc _2rdacarrier |
||
| 490 | 0 | _aMemoria viva | |
| 500 | _aEl material correspondiente a la dotación PNLB 2022, corresponde a la edición de 2016 | ||
| 521 | _aRecomendado para público adulto | ||
| 545 | _aIncluye datos biográficos de los autores en la solapa | ||
| 600 | 1 | 7 |
_aAbad Gómez, Héctor, _d1921-1987 _xAsesinato _963319 |
| 650 | 0 | 7 |
_aDespojo de tierras _vEstudio de casos _zColombia _2LEMB _963320 |
| 650 | 0 | 7 |
_aVictimas de abuso sexual _zCauca (Colombia) _2lemb _963321 |
| 650 | 0 | 7 |
_aVíctimas de la violencia _zColombia _2LEMB _963322 |
| 650 | 0 | 7 |
_aViolación como arma de guerra _zCauca (Colombia) _2LEMB _963323 |
| 650 | 0 | 7 |
_aConflicto Armado _2LEMB _97455 |
| 655 |
_aEstudio de casos _963324 |
||
| 700 |
_aIzaguirre, Ander _eaut _963325 |
||
| 700 |
_aRebollo, Esther _eaut _963326 |
||
| 942 |
_2ddc _cBK |
||
| 999 |
_c58486 _d58486 |
||